Kakure kirishitan of Japan: A study of their Development, Beliefs and Rituals to the Present Day (Record no. 1319146)

MARC details
000 -LEADER
fixed length control field 00681nam a2200229Ia 4500
005 - DATE AND TIME OF LATEST TRANSACTION
control field 20250507130339.0
008 - FIXED-LENGTH DATA ELEMENTS--GENERAL INFORMATION
fixed length control field 008 250505s9999 xx 000 0 eng d
020 ## - INTERNATIONAL STANDARD BOOK NUMBER
International Standard Book Number 9781873410707
037 ## - SOURCE OF ACQUISITION
Stock number Annuals, Advances
040 ## - CATALOGING SOURCE
Original cataloging agency EASL
Language of cataloging eng
Transcribing agency EASL
041 ## - LANGUAGE CODE
Language code of text/sound track or separate title eng
Source of code eng
084 ## - COLON CLASSIFICATION NUMBER
Classification number Q6.42, N8
Assigning agency EASL
100 ## - MAIN ENTRY--PERSONAL NAME
Personal name Turnbull Stephen Au.
9 (RLIN) 665150
245 #0 - TITLE STATEMENT
Title Kakure kirishitan of Japan: A study of their Development, Beliefs and Rituals to the Present Day
260 ## - PUBLICATION, DISTRIBUTION, ETC.
Place of publication, distribution, etc. Japan
Name of publisher, distributor, etc. Japan Library Japan
Date of publication, distribution, etc. 1998
300 ## - PHYSICAL DESCRIPTION
Extent xii,296p.
365 ## - TRADE PRICE
Price amount 31,069
490 ## - SERIES STATEMENT
Volume/sequential designation V.1
650 ## - SUBJECT ADDED ENTRY--TOPICAL TERM
Topical term or geographic name entry element JEL
942 ## - ADDED ENTRY ELEMENTS (KOHA)
Koha item type Textual
Classification part Q6.42, N8

No items available.

Copyright @ Delhi University Library System